书目信息 |
| 题名: |
陶威尔教授的头颅
|
|
| 作者: | 别利亚耶夫 , A·别利亚耶夫 著 ;李德容 译 | |
| 分册: | ||
| 出版信息: | 北京 科学普及出版社 1997 |
|
| 页数: | 186页 | |
| 开本: | 19cm | |
| 丛书名: | 科学小说译丛 | |
| 单 册: | ||
| 中图分类: | I512.45 , I512.4 | |
| 科图分类: | ||
| 主题词: | 科学幻想小说--苏联--现代--缩写本 , 文学 | |
| 电子资源: | ||
| ISBN: | ||
| 000 | 00842nam2 2200289 45 | |
| 001 | 0198029305 | |
| 005 | 20040412141944.1 | |
| 010 | @dCNY0.52 | |
| 100 | @a19980526d1997 demy0chiy0121 ea | |
| 101 | 1 | @achi@crus |
| 102 | @aCN@b310000 | |
| 105 | @aa z 000ay | |
| 106 | @ar | |
| 200 | 10 | @a陶威尔教授的头颅@Atao wei er jiao shou de tou lu@f(苏)A·别利亚耶夫著@F(Su)A·Bie Li Ya Ye Fu Zhu@g李德容译 |
| 210 | @a北京@c科学普及出版社@d1997 | |
| 215 | @a186页@d19cm | |
| 225 | 2 | @a科学小说译丛 |
| 410 | 0 | @120010@a科学小说译丛 |
| 606 | @a科学幻想小说@y苏联@z现代@x缩写本 | |
| 606 | 0 | @a文学 |
| 690 | @aI512.45@v3 | |
| 690 | @aI512.4 | |
| 701 | 1 | @a别利亚耶夫@Abie li ya ye fu@b亚历山大@4著 |
| 701 | 0 | @aA·别利亚耶夫@4著 |
| 702 | 0 | @a李德容@ALi De Rong@4译 |
| 801 | 0 | @aCN@bNLC@c19980610 |
| 905 | @f6@b42771-776@dI512.4@e354 | |
| 陶威尔教授的头颅/(苏)A·别利亚耶夫著/李德容译.-北京:科学普及出版社,1997 |
| 186页;19cm.-(科学小说译丛) |
| ISBN :CNY0.52 |
| ● |
| 相关链接 |
|
|
|
|
正题名:陶威尔教授的头颅
索取号:I512.4/354
 
预约/预借
| 序号 | 登录号 | 条形码 | 馆藏地/架位号 | 状态 | 备注 |
| 1 | 0042771 | 000651182 | 密集书库/ [索取号:I512.4/354] | 在馆 | |
| 2 | 0042772 | 000651208 | 密集书库/ [索取号:I512.4/354] | 在馆 | |
| 3 | 0042773 | 000651244 | 密集书库/ [索取号:I512.4/354] | 在馆 | |
| 4 | 0042774 | 000651235 | 密集书库/ [索取号:I512.4/354] | 在馆 | |
| 5 | 0042775 | 000651226 | 密集书库/ [索取号:I512.4/354] | 在馆 | |
| 6 | 0042776 | 000651217 | 第二借阅区/ [索取号:I512.4/354] | 在馆 | |
| 7 | 0042777 | 001895177 | 密集书库/ [索取号:I512.4/354] | 在馆 | |
| 8 | 0042778 | 001895195 | 密集书库/ [索取号:I512.4/354] | 在馆 | |
| 9 | 0042779 | 202372618 | 密集书库/ [索取号:I512.4/354] | 在馆 | |
| 10 | 0042780 | 000651191 | 第一样本阅览室/ [索取号:I512.4/354] | 在馆 |